000 00531nam a2200193Ia 4500
005 20250508153241.0
008 008 250505s9999 xx 000 0 eng d
037 _aTextual
040 _aFEDL
_beng
_cFEDL
041 _aeng
_2eng
084 _a157.9, SAR
_qFEDL
100 _aSarbin Theodore R.
245 0 _aBehavior pathology
260 _aNew York, USA
_bHolt, Rinehart and Winston
_c1962
300 _ax,341p.
650 _aAbnormal Psychology
942 _cTEXL
_h157.9, SAR
999 _c1341521
_d1341521